Library Catalog

Looking Inward: (Record no. 492646)

MARC details
000 -LEADER
fixed length control field 01153nam a22002177a 4500
003 - CONTROL NUMBER IDENTIFIER
control field OSt
005 - DATE AND TIME OF LATEST TRANSACTION
control field 20260511095055.0
008 - FIXED-LENGTH DATA ELEMENTS--GENERAL INFORMATION
fixed length control field 260511b |||||||| |||| 00| 0 eng d
020 ## - INTERNATIONAL STANDARD BOOK NUMBER
International Standard Book Number 9781788706582
040 ## - CATALOGING SOURCE
Original cataloging agency Kenya National Library Service
082 ## - DEWEY DECIMAL CLASSIFICATION NUMBER
Classification number 158.12 SWA
100 ## - MAIN ENTRY--PERSONAL NAME
Personal name Purnachaitanya, Swami
Relator term author.
245 ## - TITLE STATEMENT
Title Looking Inward:
Remainder of title How to Find Calm in a Chaotic World /
Statement of responsibility, etc. Swami Purnachaitanya
300 ## - PHYSICAL DESCRIPTION
Extent ix,159 pages ;
Dimensions 22 cm.
520 ## - SUMMARY, ETC.
Summary, etc. A beautiful and timely guide to finding inner peace by yogi and meditation coach Swami Purnachaitanya. Let Swami Purnachaitanya guide you on your personal journey towards finding the root cause of your anxiety, stress and restlessness, using meditation to collect distracted thoughts, soothe the senses and refocus your energy to being present in the moment. The world we live in is rapidly changing, from global warming and a pandemic at a macro level, to changing lifestyles, fake news and show
650 ## - SUBJECT ADDED ENTRY--TOPICAL TERM
Topical term or geographic name entry element Mindfulness & Meditation
650 ## - SUBJECT ADDED ENTRY--TOPICAL TERM
Topical term or geographic name entry element Inspiration & Personal Growth
942 ## - ADDED ENTRY ELEMENTS (KOHA)
Source of classification or shelving scheme Dewey Decimal Classification
Koha item type Books
Suppress in OPAC No
Holdings
Withdrawn status Source of classification or shelving scheme Damaged status Not for loan Home library Current library Date acquired Cost, normal purchase price Total checkouts Full call number Barcode Date last seen Price effective from Koha item type
  Dewey Decimal Classification     Information Access Acquisition, Cataloguing, Classification and Distribution Development 05/11/2026 1274.00   158.12 PUR B231422 05/11/2026 05/11/2026 Books

© 2025, Kenya National Library Service | Designed & Maintained by Uvumbuzi Center